Statistiques concernant Dictionnaire hors série n°1: la cuisine

Cliquez ici pour prendre le quiz!

Statistiques générales

  • Ce quiz a été pris 579 fois
  • Le résultat moyen est 8 sur 10

Statistiques - réponses

DéfinitionsClasse grammaticaleMots correspondants% Correct
Qui n'est pas cuitAdjectifCru
97%
Grande cuiller à long manche pour servir le potageNomLouche
92%
Tremper dans une marinadeVerbeMariner
91%
Préparé par fumageAdjectifFumé
88%
Cuire dans un liquide qui boutVerbeBouillir
80%
Potage ou bouillon épaissiNomSoupe
78%
Qui produit au goût une sensation âpre, désagréable ou stimulanteAdjectifAmer
70%
Faire cuire ou bouillir lentement avec soinVerbeMijoter
70%
Appareil électrique servant à battre, à mélanger les alimentsNomMixeur
63%
Action de se nourrir quotidiennement à heures régléesNomRepas
47%

Distribution des résultats

Percentile par nombre de réponses

% des personnes avec chaque résultat

Votre développement - résultats

Vous n’avez pas pris ce quiz